000 00877nam a22002897a 4500
003 UA-OsUOA
001 20476
007 ta
008 20031029b un ||||| |||| 00| 0 ukr d
100 _aАвдеев В.А.
700 _aИзмайлов А.А.
700 _aИзмайлов А.А.
700 _aОсипова М.Н.
700 _aСоколов Ю.Ф.
090 _a910.4(470+571)
_bА18
942 _cBK
040 _aUA-OsUOA
_brus
_cUA-OsUOA
_dUA-OsUOA
245 _aРусские землепроходцы и мореходы
_bИз истории открытия и освоения Сибири и Дальнего Востока
300 _a80 с.
_bІлюстрації
955 _a0
041 _arus
080 _a910.4(470+571)
260 _aМосква
_bВоениздат
_c1982
044 _aRU
650 7 _2UDC
999 _c306654
_d306654